000 00765nam a2200253Ia 4500
003 OSt
005 20220926012018.0
006 a|||||r|||| 00| 0
007 ta
008 220923b |||||||| |||| 00| 0 eng d
037 _cGeneral Book
040 _aRTL
_cRTL
_beng
041 _2eng
_aeng
082 _aU671.73, J1
100 _aWhitaker J Russell
_9315413
245 0 _aAmerican resources
_btheir management and conservati
260 _aNew York
_bArno Press U S A
_c1972
300 _ax,497p.
_ccm.
490 _aUse and abuse of America's natural resources
650 _aGeoparphy
700 _a Ackerman Edward A
_9315414
942 _hU671.73, J1
_cGB
_2CC
999 _c621529
_d621529